Statistics for College Football Matchups: Boston College

Click here to take the quiz!

General Stats

  • This quiz has been taken 40 times
  • The average score is 11 of 16

Answer Stats

# of GamesOpponentLast Meeting% Correct
32Clemson10/08/2022
96%
33Pittsburgh11/16/2023
92%
57Syracuse11/03/2023
92%
31Miami (FL)11/24/2023
88%
32Virginia Tech11/11/2023
88%
27Notre Dame11/19/2022
84%
28Rutgers09/03/2022
84%
28Massachusetts09/11/2021
80%
33West Virginia11/13/2004
72%
29Wake Forest10/22/2022
68%
84Holy Cross09/09/2023
60%
39Army10/07/2023
56%
29Navy12/30/2006
56%
39Temple09/18/2021
44%
46Villanova08/31/2013
36%
27Fordham10/16/1954
20%

Score Distribution

Percentile by Number Answered

Percent of People with Each Score

Your Score History

You have not taken this quiz